000 00650nam a2200217Ia 4500
003 OSt
005 20251128122705.0
008 210719s1971 xx 000 0 und d
040 _cAL
041 _aEnglish
082 _aK494E ACHB
100 _aACHARYA (A S)
_9183392
245 _aBarkur kannada.
260 _aPoona
_bDeccan College
_c1971
300 _a102
365 _b10
_cRs
650 _aKannada Language
_9183393
650 _aIssue 1 of Centre of Advanced Study in Linguistics, University of Poona. Series major Volume 6 of Linguistic survey of India series, ISSN 0459-4657
_9183394
906 _aBarkur Kannada
942 _2ddc
_cBK
999 _c214004
_d214004